| 000 | 00747nam a22002177a 4500 | ||
|---|---|---|---|
| 005 | 20170726102147.0 | ||
| 010 | _a1516EN07 ENG-119395 | ||
| 020 |
_c295.00 _a9780674427846 |
||
| 035 | _aB-603798-802 | ||
| 035 | _aEN-102927 | ||
| 037 |
_bAakar/ven _adpl |
||
| 082 | _a851 | ||
| 100 | _aBullhe, Shah | ||
| 245 |
_aSufi lyrics / _cby Bullhe Shah; edited by Christopher Shackle |
||
| 260 |
_bMurty Classical Library of India _c2015 _aLondon |
||
| 270 | _bLondon | ||
| 300 |
_axxxv,443p. _c18cm(pbk) |
||
| 700 | _aShackle, Christopher | ||
| 942 |
_2ddc _cEN _h851 _mBUL |
||
| 999 |
_c96324 _d96324 |
||